Populous Countries - Sudden Death - Statistics

General Stats
  • This quiz has been taken 184 times
    171 since last reset
  • The average score is 10 of 16
Answers on the Grid
Answers color-coded by a green-red scale on the quiz's grid according to % correct below.
China
France
Iran
Ethiopia
Indonesia
Russia
Algeria
Colombia
Vietnam
Bangladesh
Uganda
Vatican City
United States
Pakistan
Nigeria
Tanzania
Sudan
Philippines
India
Thailand
South Africa
Mexico
Kenya
United Kingdom
Brazil
Egypt
Germany
Japan
Democratic Republic of the Congo
Turkey
 
Answer Stats
Answer % Correct
China
74%
United States
74%
India
72%
Russia
69%
Brazil
67%
Pakistan
67%
Indonesia
63%
Bangladesh
62%
Japan
58%
Mexico
56%
Nigeria
56%
Democratic Republic of the Congo
53%
Philippines
52%
Ethiopia
50%
Egypt
47%
Vietnam
39%
No matching quizzes found
Score Distribution
Percent of People with Each Score
Percentile by Number Answered
Your Score History
You have not taken this quiz since the last reset